Textbook of Midwifery and Reproductive Health Nursing (Record no. 249409)

MARC details
000 -LEADER
fixed length control field 00403pam a2200133a 44500
008 - FIXED-LENGTH DATA ELEMENTS--GENERAL INFORMATION
fixed length control field 230405s2006 xxu||||| |||| 00| 0 eng d
020 ## - INTERNATIONAL STANDARD BOOK NUMBER
International Standard Book Number 8180617998
Terms of availability Rs.346.50
082 ## - DEWEY DECIMAL CLASSIFICATION NUMBER
Classification number 618.2
Item number BAS
100 ## - MAIN ENTRY--PERSONAL NAME
Personal name Basavanthappa, B.T.
245 ## - TITLE STATEMENT
Title Textbook of Midwifery and Reproductive Health Nursing
260 ## - PUBLICATION, DISTRIBUTION, ETC.
Place of publication, distribution, etc. New Delhi
Name of publisher, distributor, etc. Jaypee Brothers Medical Publishers (P) Ltd.
Date of publication, distribution, etc. 2006
300 ## - PHYSICAL DESCRIPTION
Extent 812 p
906 ## - LOCAL DATA ELEMENT F, LDF (RLIN)
a 000635

No items available.